Torschützenliste der La Liga 2019-2020 - Statistiken

Allgemein
  • Dieses Quiz wurde 24 mal gespielt
  • Das Durchschnittsergebnis liegt bei 8 aus 16
Antwortstatistiken
Tore Nationalität Verein Spieler % Korrekt
21 Frankreich Real Madrid Karim Benzema
100%
25 Argentinien FC Barcelona Lionel Messi
100%
16 Uruguay FC Barcelona Luis Suárez
100%
12 Spanien Atlético Madrid Álvaro Morata
85%
18 Spanien FC Villarreal Gerard Moreno
85%
14 Spanien Celta Vigo Iago Aspas
80%
14 Argentinien FC Sevilla Lucas Ocampos
40%
11 Brasilien Real Sociedad Willian José
40%
13 Kroatien RCD Mallorca Ante Budimir
25%
11 Spanien Deportivo Alavés Joselu
25%
11 Spanien Real Madrid Sergio Ramos
25%
11 Spanien FC Getafe Jaime Mata
15%
15 Spanien Athletic Bilbao Raúl García
15%
11 Spanien Deportivo Alavés Lucas Pérez
10%
11 Spanien FC Villarreal Santi Cazorla
10%
11 Spanien UD Levante Roger Martí
5%
Keine übereinstimmenden Quizze gefunden
Verteilung der Resultate
Anzahl Personen mit jedem Resultat
Perzentil nach korrekt beantworteten Fragen
Ihre Resultats-Entwicklung
Sie haben dieses Quiz noch nicht gespielt